000 00773nam a2200241 a 4500
001 77448
003 BD-RjUL
005 20211209082954.0
008 200917s19561952nyu b 000 0 eng
035 _a(BD-RjUL)
040 _aDLC
_cDLC
_dDLC
_dBD-RjUL
_beng
041 _aeng
082 0 0 _a822.1082
_bANT 1956
245 0 3 _aAn anthology of English drama before Shakespeare /
_cedited with an introduction by Robert B. Heilman.
260 _aNew York :
_bRinehart & Co.,
_c1952 [printing 1956]
300 _a405 p.;
_c19 cm.
504 _aIncludes bibliography.
650 0 _aEnglish drama
_yEarly modern and Elizabethan, 1500-1600.
_9241440
700 _aHeilman, Robert Bechtold,
_d1906-
_9241441
942 _2ddc
_cBK
999 _c77448
_d77448